[Event "48th Biel Master Open"]
[Site "Biel SUI"]
[Date "2015.07.30"]
[Round "10.10"]
[White "Svane, Rasmus"]
[Black "Heimann, Andreas"]
[Result "1-0"]
[WhiteTitle "IM"]
[BlackTitle "IM"]
[WhiteElo "2531"]
[BlackElo "2557"]
[WhiteFideId "4657101"]
[BlackFideId "24624632"]
[EventDate "2015.07.20"]

1. Nf3 Nf6 2. c4 c5 3. d4 cxd4 4. Nxd4 Nc6 5. Nc3 e6 6. g3 Qb6 7. Ndb5 Ne5 8.
Bf4 Nfg4 9. Qa4 g5 10. Bxe5 Qxf2+ 11. Kd1 Nxe5 12. Nc7+ Kd8 13. Nxa8 Qd4+ 14.
Kc2 Nxc4 15. e4 Qd2+ 16. Kb3 Qxb2+ 17. Kxc4 d5+ 18. Kd3 Bg7 19. Ne2 Qxa1 20. Bg2
Bd7 21. Qa5+ b6 22. Nxb6 dxe4+ 23. Bxe4 Qe5 24. Qxe5 Bxe5 25. Nxd7 Kxd7 26. Rb1
f5 27. Rb7+ Kc8 28. Bg2 Rd8+ 29. Ke3 Bc7 30. Nc3 e5 31. Rb5 Bb6+ 32. Ke2 Bd4 33.
Nd5 Kd7 34. Ne3 Ke6 35. Bd5+ Kf6 36. Bb3 h5 37. Nd5+ Kg6 38. Rb7 Re8 39. Ne7+
Kf6 40. Ng8+ 1-0

[Event "48th Biel Master Open"]
[Site "Biel SUI"]
[Date "2015.07.30"]
[Round "10.11"]
[White "Romanishin, Oleg M"]
[Black "Can, Emre"]
[Result "1-0"]
[WhiteTitle "GM"]
[BlackTitle "GM"]
[WhiteElo "2475"]
[BlackElo "2547"]
[WhiteFideId "14100088"]
[BlackFideId "6302181"]
[EventDate "2015.07.20"]

1. d4 g6 2. Nf3 Bg7 3. g3 c5 4. c3 Qa5 5. Bd2 Nf6 6. Bg2 O-O 7. O-O d6 8. c4 Qa6
9. Na3 Bf5 10. dxc5 dxc5 11. Nb5 Qb6 12. a4 a5 13. Bf4 Nc6 14. Bc7 Qa6 15. Qb3
Rac8 16. Rac1 Ne8 17. Bf4 e5 18. Be3 Nd4 19. Nfxd4 cxd4 20. Bg5 Nf6 21. Qa3 h6
22. Bxf6 Bxf6 23. Bd5 Rcd8 24. Qf3 Bg5 25. Bxb7 Qe6 26. Bd5 Qe7 27. Ra1 Qb4 28.
h4 Be7 29. Na7 Qxb2 30. Nc6 Rde8 31. Nxe5 Bf6 32. Nxg6 d3 33. Qxf5 dxe2 34. Nxf8
Kxf8 35. Rfe1 Re7 36. Rab1 Qc3 37. Rb8+ Kg7 38. Qg4+ Bg5 39. Rxe2 1-0

[Event "48th Biel Master Open"]
[Site "Biel SUI"]
[Date "2015.07.30"]
[Round "10.12"]
[White "Griffith, Kyron W"]
[Black "Yilmaz, Mustafa"]
[Result "1/2-1/2"]
[WhiteTitle "FM"]
[BlackTitle "GM"]
[WhiteElo "2320"]
[BlackElo "2582"]
[WhiteFideId "2046318"]
[BlackFideId "6302718"]
[EventDate "2015.07.20"]

1. e4 c6 2. d4 d5 3. e5 Bf5 4. h4 h5 5. c4 e6 6. Nc3 Be7 7. cxd5 cxd5 8. Bd3
Bxd3 9. Qxd3 Nh6 10. Nf3 Nc6 11. Bg5 Nf5 12. Bxe7 Qxe7 13. Nxd5 exd5 14. Qxf5
Nxd4 15. Nxd4 Qb4+ 16. Kf1 Qxd4 17. Rh3 Qg4 18. Qd3 O-O-O 19. Kg1 Kb8 20. Rg3
Qxh4 21. Rxg7 Qf4 22. e6 Qe5 23. Rxf7 Qxe6 24. Qg3+ Ka8 25. Qc7 Rb8 26. Re7 Qg4
27. Rg7 Qd4 28. Qc3 Qb6 29. Rd1 Rbc8 30. Qd4 Rc1 31. Qxd5 Rxd1+ 32. Qxd1 Qxb2
33. Rd7 Qb6 34. Qd4 Qxd4 35. Rxd4 b5 36. Rd7 Rh6 37. f4 Rf6 38. g3 Ra6 39. Rd5
b4 40. Rxh5 Rxa2 41. Rb5 Ra1+ 42. Kf2 Ra2+ 43. Ke3 Ra3+ 44. Kf2 b3 45. f5 Ra2+
46. Ke3 b2 47. g4 a6 48. Rb4 1/2-1/2

[Event "48th Biel Master Open"]
[Site "Biel SUI"]
[Date "2015.07.30"]
[Round "10.13"]
[White "Esen, Baris"]
[Black "Kukov, Velislav"]
[Result "1-0"]
[WhiteTitle "GM"]
[BlackTitle "IM"]
[WhiteElo "2567"]
[BlackElo "2367"]
[WhiteFideId "6302114"]
[BlackFideId "2906139"]
[EventDate "2015.07.20"]

1. d4 Nc6 2. Nf3 d5 3. e3 Bg4 4. Bb5 e6 5. c4 Bb4+ 6. Bd2 Bxd2+ 7. Nbxd2 Ne7 8.
cxd5 exd5 9. Qc2 O-O 10. O-O Qd6 11. Rac1 Bf5 12. Qc5 a6 13. Be2 Rac8 14. a3 Nd8
15. b4 Ne6 16. Qc3 Bg4 17. Rfe1 c6 18. Nb3 Bxf3 19. Bxf3 Ng5 20. Be2 Ne4 21. Qc2
f5 22. Nc5 Rc7 23. f3 Nxc5 24. bxc5 Qf6 25. Qd2 Ng6 26. Rb1 Re8 27. g3 Nf8 28.
Bf1 Ne6 29. Bg2 g5 30. Rbd1 Rd7 31. Qd3 Rf8 32. Rd2 Kh8 33. Qc3 Qg7 34. Ree2 h5
35. Kf2 g4 36. Ke1 Ng5 37. Rf2 Re7 38. Rde2 Rfe8 39. Kd2 h4 40. fxg4 h3 41. Bh1
fxg4 42. Rf4 Ne6 43. Rff2 Ng5 44. Rf4 Rf7 45. Ref2 Rxf4 46. Rxf4 Ne6 47. Rf5 Rf8
48. Qd3 Rf6 49. Qf1 Rf8 50. Rxf8+ Nxf8 51. Qf5 Nh7 52. Qc8+ Nf8 53. Kd3 Kh7 54.
e4 Qf7 55. Ke2 Ne6 56. exd5 Nxd4+ 57. Kd3 Qf1+ 58. Kxd4 Qa1+ 59. Ke3 Qxh1 60.
Qxb7+ Kh6 61. Qxa6 Kh5 62. Qxc6 Kg5 63. Qd6 Qxh2 64. Qe5+ Kg6 65. Qe6+ Kh5 66.
Qf5+ Kh6 67. Qf6+ Kh5 68. Qh4+ Kg6 69. Qxg4+ Kh6 70. Qf4+ Kg6 71. Qd6+ Kg5 72.
Qe7+ Kg6 73. Qe4+ Kg5 74. c6 Qxg3+ 75. Qf3 Qe1+ 76. Kd4 Qg1+ 77. Ke5 h2 78. c7
h1=Q 79. Qf4+ Kh5 80. c8=Q Qa1+ 81. Kd6 Qxa3+ 82. Qc5 Qaf3 83. Qe5+ Kh6 84. Kc6
Qhf1 85. Qh8+ Kg5 86. Qe7+ Kf4 87. Qee5+ 1-0

[Event "48th Biel Master Open"]
[Site "Biel SUI"]
[Date "2015.07.30"]
[Round "10.14"]
[White "Ulybin, Mikhail"]
[Black "Lampert, Jonas"]
[Result "1/2-1/2"]
[WhiteTitle "GM"]
[BlackTitle "IM"]
[WhiteElo "2520"]
[BlackElo "2448"]
[WhiteFideId "4101405"]
[BlackFideId "1303759"]
[EventDate "2015.07.20"]

1. e4 e5 2. Nf3 Nc6 3. Bb5 a6 4. Ba4 Nf6 5. O-O Bc5 6. d3 b5 7. Bb3 d6 8. Be3
Bxe3 9. fxe3 Na5 10. Qe1 Nxb3 11. axb3 O-O 12. b4 Qe7 13. Nc3 c6 14. Qh4 Re8 15.
Nd2 Be6 16. h3 d5 17. exd5 cxd5 18. Nb3 d4 19. exd4 Bxb3 20. dxe5 Qxe5 21. cxb3
Qe3+ 22. Kh1 Qxd3 23. Rad1 Qg6 24. Rd6 Re6 25. Rfd1 Qc2 26. Rxe6 fxe6 27. Rd6
Qxb2 28. Qe1 Qxb3 29. Ne4 Nxe4 30. Qxe4 Re8 31. Rxa6 Qd5 32. Qxd5 exd5 33. Rb6
d4 34. Rxb5 Rd8 35. Ra5 d3 36. Ra1 Kf7 37. Kg1 Ke6 38. Kf2 Rd4 39. Ke3 Rxb4 40.
Kxd3 Rb2 41. Rg1 Kf5 1/2-1/2

[Event "48th Biel Master Open"]
[Site "Biel SUI"]
[Date "2015.07.30"]
[Round "10.15"]
[White "Cherniaev, Alexander"]
[Black "Rambaldi, Francesco"]
[Result "0-1"]
[WhiteTitle "GM"]
[BlackTitle "IM"]
[WhiteElo "2483"]
[BlackElo "2513"]
[WhiteFideId "4117301"]
[BlackFideId "20657307"]
[EventDate "2015.07.20"]

1. d4 Nf6 2. Bg5 c5 3. d5 Ne4 4. Bf4 Qb6 5. Bc1 e6 6. f3 Qa5+ 7. c3 Nf6 8. e4 d6
9. Na3 exd5 10. exd5 Be7 11. Nc4 Qc7 12. a4 O-O 13. Ne2 Re8 14. Ng3 h5 15. Be2
h4 16. Nf1 b6 17. g4 hxg3 18. hxg3 Bb7 19. Nfe3 Bf8 20. Kf2 g6 21. Na3 Bg7 22.
c4 Na6 23. Bd2 Re7 24. Nec2 Rae8 25. Bd3 Bc8 26. Nb5 Qd8 27. Bf4 Rd7 28. Qd2 Nb4
29. Nxb4 cxb4 30. Bg5 a6 31. Nd4 Ng4+ 32. Kg2 Bf6 33. Bxf6 Qxf6 34. Be4 Qg7 35.
Ne6 Ne3+ 36. Qxe3 Qxb2+ 37. Qf2 Qxf2+ 38. Kxf2 fxe6 39. Bxg6 Ree7 40. dxe6 Rc7
41. Bf7+ Kg7 42. Rh4 Bxe6 43. Bxe6 Rxe6 44. Rg4+ Kf8 45. Rf4+ Ke7 46. g4 Re5 47.
Rh1 Rc6 48. Rh7+ Ke6 49. Rhf7 Rec5 50. R4f6+ Ke5 51. g5 Kd4 52. g6 b3 53. Rf4+
Kc3 54. Rg4 b2 55. g7 b1=Q 56. g8=Q Re5 57. Rg1 Qc2+ 58. Kg3 d5 59. Rg7 Rh6 60.
Rg2 Re2 61. Rg1 Ree6 0-1

[Event "48th Biel Master Open"]
[Site "Biel SUI"]
[Date "2015.07.30"]
[Round "10.16"]
[White "Wallace, John Paul"]
[Black "Wirig, Anthony"]
[Result "1-0"]
[WhiteTitle "IM"]
[BlackTitle "GM"]
[WhiteElo "2385"]
[BlackElo "2511"]
[WhiteFideId "3200957"]
[BlackFideId "615013"]
[EventDate "2015.07.20"]

1. e4 c5 2. Nf3 Nc6 3. d4 cxd4 4. Nxd4 e5 5. Nb5 d6 6. N1c3 a6 7. Na3 Be7 8. Be3
Nf6 9. Nc4 b5 10. Nb6 Rb8 11. Nxc8 Qxc8 12. Be2 O-O 13. Bf3 Na5 14. O-O Nc4 15.
Bc1 Bd8 16. Qd3 Bb6 17. b3 Bd4 18. Rb1 Na3 19. Bxa3 Bxc3 20. Rfd1 b4 21. Bb2
Bxb2 22. Rxb2 Rb6 23. c4 Qc5 24. Rbd2 Rc8 25. Qe2 Kf8 26. Rd3 a5 27. Qd2 Rd8 28.
g4 h6 29. h4 Ke7 30. g5 hxg5 31. Qxg5 Qc7 32. Bg2 Rc6 33. Rf3 Kf8 34. Rg3 Ne8
35. Rdd3 a4 36. Rdf3 axb3 37. axb3 Ra8 38. Bh3 d5 39. exd5 Rh6 40. Be6 f6 41.
Qe3 Ra5 42. Rg4 Rh8 43. Qe1 Qd6 44. Qe4 Rh6 45. Rfg3 Qe7 46. Rg6 Rh8 47. Qg4 Qa7
48. d6 Ra2 49. c5 Nxd6 50. Rxg7 Qxc5 51. Rf7+ 1-0

[Event "48th Biel Master Open"]
[Site "Biel SUI"]
[Date "2015.07.30"]
[Round "10.17"]
[White "Andersen, Mads"]
[Black "Raetsky, Alexander"]
[Result "1/2-1/2"]
[WhiteTitle "IM"]
[BlackTitle "GM"]
[WhiteElo "2467"]
[BlackElo "2405"]
[WhiteFideId "1413864"]
[BlackFideId "4103203"]
[EventDate "2015.07.20"]

1. Nf3 d5 2. g3 Nc6 3. d4 Bg4 4. Bg2 Qd7 5. h3 Bf5 6. c4 e6 7. Nc3 Bb4 8. O-O
Bxc3 9. bxc3 Be4 10. Re1 Nge7 11. Bf1 Bxf3 12. exf3 O-O 13. Ba3 Rfd8 14. Rb1
Rab8 15. f4 a6 16. Qc2 dxc4 17. Bxc4 Nd5 18. Bd3 g6 19. Be4 b5 20. Bc5 Na5 21.
h4 Kg7 22. h5 Nc4 23. Bf3 a5 24. Qd3 Nf6 25. Qe2 Nd5 26. Rbc1 Re8 27. Kh2 f6 28.
Rc2 Kf7 29. Qd3 Kg7 30. Rce2 Kf7 31. Kg1 Kg7 32. Kh2 Kf7 33. Kg1 Kg7 34. Kf1 Kf7
35. Kg1 1/2-1/2

[Event "48th Biel Master Open"]
[Site "Biel SUI"]
[Date "2015.07.30"]
[Round "10.18"]
[White "Hasenohr, Benedict"]
[Black "Meins, Gerlef"]
[Result "0-1"]
[WhiteTitle "FM"]
[BlackTitle "IM"]
[WhiteElo "2317"]
[BlackElo "2436"]
[WhiteFideId "1303309"]
[BlackFideId "4620895"]
[EventDate "2015.07.20"]

1. d4 Nf6 2. c4 e6 3. Nc3 Bb4 4. Qc2 d5 5. e3 O-O 6. Nf3 c5 7. a3 Bxc3+ 8. bxc3
Nc6 9. Be2 dxc4 10. Bxc4 Qc7 11. O-O e5 12. Ba2 Bg4 13. d5 Ne7 14. c4 e4 15. Nd2
Bf5 16. Bb2 Ng4 17. g3 Qd6 18. f3 exf3 19. Qc3 Qh6 20. Nxf3 Be4 21. Nh4 Ng6 22.
h3 Nxh4 23. gxh4 Nxe3 24. Rf4 Qg6+ 25. Kf2 Rae8 26. Qxg7+ Qxg7 27. Bxg7 Kxg7 28.
Rg1+ Kh8 29. Kxe3 Bb1+ 30. Kd2 Bxa2 31. Ra1 Bxc4 32. Rxc4 b6 33. Rd1 Re5 34. Kc2
Rd8 35. Rf4 Kg7 36. d6 Re6 37. d7 Re7 38. Rg4+ Kh8 39. Rdg1 Rexd7 40. Rg7 Rd2+
41. Kc3 b5 42. R7g3 a5 43. Rf1 c4 44. Rxf7 Ra2 0-1

[Event "48th Biel Master Open"]
[Site "Biel SUI"]
[Date "2015.07.30"]
[Round "10.19"]
[White "Bigg, Andrew J"]
[Black "Kiewra, Keaton F"]
[Result "1/2-1/2"]
[WhiteTitle "FM"]
[BlackTitle "IM"]
[WhiteElo "2313"]
[BlackElo "2421"]
[WhiteFideId "409120"]
[BlackFideId "2019280"]
[EventDate "2015.07.20"]

1. d4 Nf6 2. Bg5 e6 3. e4 h6 4. Bxf6 Qxf6 5. Nf3 d6 6. Nc3 Nd7 7. Qd2 c6 8.
O-O-O e5 9. dxe5 Nxe5 10. Nd4 g5 11. Be2 Be6 12. Nxe6 fxe6 13. Bh5+ Kd7 14. g3
Be7 15. f4 gxf4 16. gxf4 Qh4 17. Be2 Rhf8 18. Rhf1 Ng6 19. Kb1 Nxf4 20. Bc4 Qg5
21. Ne2 Nxe2 22. Qxe2 Qe5 23. a4 a6 24. Qe3 b5 25. Rxf8 Bxf8 26. Qb6 Rc8 27. Bd3
Rc7 28. Rf1 Bg7 29. c3 Bf6 30. Rf2 c5 31. Qxa6 c4 32. Qxb5+ Qxb5 33. axb5 Ke7
34. b6 Rc6 35. Bxc4 Rxb6 36. Kc2 Rb8 37. Kd3 Rg8 38. b4 Rc8 39. Rc2 Rd8 40. Ra2
Be5 41. Ra7+ Rd7 42. Rxd7+ Kxd7 43. h3 Bg3 44. Kc2 e5 45. Bd5 1/2-1/2

[Event "48th Biel Master Open"]
[Site "Biel SUI"]
[Date "2015.07.30"]
[Round "10.20"]
[White "Studer, Noel"]
[Black "Vojinovic, Jovana"]
[Result "1-0"]
[WhiteTitle "IM"]
[BlackTitle "WGM"]
[WhiteElo "2416"]
[BlackElo "2292"]
[WhiteFideId "1319620"]
[BlackFideId "937266"]
[EventDate "2015.07.20"]

1. e4 e6 2. d4 d5 3. Nd2 dxe4 4. Nxe4 Nf6 5. Bd3 Qd5 6. Nxf6+ gxf6 7. Nf3 Nc6 8.
c3 Rg8 9. Qe2 Qh5 10. Bf4 Bd6 11. Bg3 Bxg3 12. fxg3 Rxg3 13. O-O-O Rg7 14. Bb5
a6 15. Bxc6+ bxc6 16. c4 Bb7 17. Rhe1 c5 18. d5 Qh6+ 19. Rd2 O-O-O 20. g3 Rgg8
21. Qf2 exd5 22. Qxc5 Rg4 23. cxd5 Bxd5 24. Kb1 Rc4 25. Qa7 Qg6+ 26. Ka1 Qe4 27.
b3 Qxf3 28. Qxa6+ Kb8 29. Qb5+ Kc8 30. bxc4 Qc3+ 31. Qb2 Qxc4 32. Rb1 Rd6 33.
Rc2 Qe4 34. Qb8+ Kd7 35. Rxc7+ Ke6 36. Rc3 Ke5 37. Qb2 Kf5 38. Rc5 Ra6 39. Rd1
Rd6 40. Rd4 Qe1+ 41. Qb1+ Qxb1+ 42. Kxb1 Ke6 43. Ka1 h5 44. a4 f5 45. a5 h4 46.
Rxh4 Be4 47. Rh8 Rd1+ 48. Kb2 Rb1+ 49. Ka2 Kd6 50. Rc3 Rb7 51. Rh6+ Kd5 52. a6
Ra7 53. h4 Ke5 54. Rc5+ Kd4 55. Rb5 Ke3 56. Rb3+ Kd4 57. Ka3 Bd5 58. Rbb6 Ke3
59. Rhd6 Bc4 60. Kb4 Bf1 61. Ka5 Kf3 62. Rb3+ Kg4 63. Rd4+ Kh3 64. Rd6 Ra8 65.
h5 Kg4 66. h6 Bg2 67. h7 Rh8 68. Rh6 Kg5 69. Rbb6 Bf3 70. a7 f6 71. Rbxf6 1-0

[Event "48th Biel Master Open"]
[Site "Biel SUI"]
[Date "2015.07.31"]
[Round "11.1"]
[White "Sutovsky, Emil"]
[Black "Fridman, Daniel"]
[Result "1/2-1/2"]
[WhiteTitle "GM"]
[BlackTitle "GM"]
[WhiteElo "2619"]
[BlackElo "2639"]
[WhiteFideId "2802007"]
[BlackFideId "11600454"]
[EventDate "2015.07.20"]

1. e4 e5 2. Nf3 Nf6 3. Nc3 Nc6 4. d4 exd4 5. Nxd4 Bb4 6. Nxc6 bxc6 7. Bd3 d5 8.
exd5 cxd5 9. O-O O-O 10. h3 c6 11. Qf3 Re8 12. Bf4 Bd6 13. Rfe1 Be6 14. Ne2 Qb8
15. Bxd6 Qxd6 16. Nd4 Bd7 17. c3 a5 18. Bf5 g6 19. Bxd7 1/2-1/2

[Event "48th Biel Master Open"]
[Site "Biel SUI"]
[Date "2015.07.31"]
[Round "11.2"]
[White "Bartel, Mateusz"]
[Black "Wagner, Dennis"]
[Result "1/2-1/2"]
[WhiteTitle "GM"]
[BlackTitle "GM"]
[WhiteElo "2631"]
[BlackElo "2569"]
[WhiteFideId "1112635"]
[BlackFideId "24650684"]
[EventDate "2015.07.20"]

1. e4 e5 2. Nf3 Nc6 3. Bb5 a6 4. Ba4 Nf6 5. d3 b5 6. Bb3 Bc5 7. c3 d6 8. O-O h6
9. h3 O-O 10. Nbd2 Bb6 11. Re1 Ne7 12. a4 Bb7 13. Nh4 Kh7 14. Nf1 Ng6 15. Nf5 d5
16. Qf3 c5 17. N1g3 c4 18. Bc2 cxd3 19. Bxd3 dxe4 20. Nxe4 Kh8 21. Nxh6 Nxe4 22.
Bxe4 Bxe4 23. Rxe4 gxh6 24. Bxh6 f5 25. Qh5 Rf6 26. Bg5+ Kg8 27. Rd1 Bxf2+ 28.
Kf1 Qb6 29. Rd7 Nf8 30. Bxf6 Qxf6 31. Rxe5 Qxe5 32. Qf7+ Kh8 33. Re7 Qg3 34.
Qxf5 Be3 35. Qh5+ Kg8 36. Qd5+ Kh8 37. Qh5+ Kg8 38. Qf7+ Kh8 39. Qf6+ Kg8 40.
Qf7+ 1/2-1/2

[Event "48th Biel Master Open"]
[Site "Biel SUI"]
[Date "2015.07.31"]
[Round "11.3"]
[White "Adhiban, Baskaran"]
[Black "Solak, Dragan"]
[Result "1-0"]
[WhiteTitle "GM"]
[BlackTitle "GM"]
[WhiteElo "2627"]
[BlackElo "2622"]
[WhiteFideId "5018471"]
[BlackFideId "916811"]
[EventDate "2015.07.20"]

1. d4 d5 2. c4 c6 3. Nf3 Nf6 4. Nc3 dxc4 5. a4 Bf5 6. Nh4 e6 7. Nxf5 exf5 8. e3
Bb4 9. Bxc4 O-O 10. O-O Nbd7 11. Qc2 g6 12. f3 Rc8 13. Kh1 c5 14. Ba2 Qb6 15.
dxc5 Bxc5 16. e4 fxe4 17. a5 Qc6 18. Bh6 exf3 19. Bxf8 fxg2+ 20. Qxg2 Qxg2+ 21.
Kxg2 Rxf8 22. Rad1 Kg7 23. Ne4 Re8 24. Rf4 Re5 25. h4 Be7 26. Ng5 h6 27. Nf3
Rxa5 28. Rxd7 Nxd7 29. Rxf7+ Kh8 30. Be6 Bxh4 31. Nxh4 Rg5+ 32. Kh3 Nc5 33. Ba2
Rh5 34. Rf8+ Kg7 35. Rf7+ Kh8 36. Kg4 Rg5+ 37. Kf3 a5 38. Rc7 b6 39. Bf7 1-0

[Event "48th Biel Master Open"]
[Site "Biel SUI"]
[Date "2015.07.31"]
[Round "11.4"]
[White "Bok, Benjamin"]
[Black "Ivanisevic, Ivan"]
[Result "0-1"]
[WhiteTitle "GM"]
[BlackTitle "GM"]
[WhiteElo "2562"]
[BlackElo "2662"]
[WhiteFideId "1017063"]
[BlackFideId "912417"]
[EventDate "2015.07.20"]

1. e4 g6 2. d4 Bg7 3. Nf3 d6 4. Be2 Nf6 5. Nc3 O-O 6. O-O c5 7. dxc5 dxc5 8. h3
Nfd7 9. Nd5 Nc6 10. c3 e6 11. Ne3 Nf6 12. Qc2 Qc7 13. Rd1 b6 14. Nc4 Rd8 15.
Rxd8+ Nxd8 16. g3 Nd7 17. Bf4 e5 18. Be3 b5 19. Ncd2 Rb8 20. a4 a6 21. axb5 axb5
22. Rd1 Ne6 23. b3 Nf6 24. Kh2 h6 25. Bf1 Bd7 26. Bg2 Bc6 27. Ne1 Rd8 28. f3 Bf8
29. Nf1 Ra8 30. h4 c4 31. bxc4 bxc4 32. Qe2 Bb5 33. Rb1 Ba6 34. Nc2 Nc5 35. Bxc5
Bxc5 36. Nb4 Bc8 37. Bh3 Ra3 38. Ne3 Bxh3 39. Kxh3 Rxc3 40. Nbd5 Nxd5 41. Nxd5
Qc8+ 42. g4 Rd3 43. Kg3 h5 44. gxh5 gxh5 45. Kh2 Kh8 46. Qg2 c3 47. Qg3 f6 48.
Rc1 Rd2+ 49. Kh1 c2 50. Rxc2 Rxc2 51. Nf4 Rc1+ 52. Kh2 exf4 0-1

[Event "48th Biel Master Open"]
[Site "Biel SUI"]
[Date "2015.07.31"]
[Round "11.6"]
[White "Gharamian, Tigran"]
[Black "Romanishin, Oleg M"]
[Result "1-0"]
[WhiteTitle "GM"]
[BlackTitle "GM"]
[WhiteElo "2649"]
[BlackElo "2475"]
[WhiteFideId "13301527"]
[BlackFideId "14100088"]
[EventDate "2015.07.20"]

1. Nf3 Nf6 2. c4 d6 3. d4 g6 4. Nc3 Bg4 5. h3 Bxf3 6. exf3 Bg7 7. Qb3 b6 8. Be3
O-O 9. Be2 Nbd7 10. O-O e5 11. dxe5 Nxe5 12. f4 Ned7 13. Bf3 Rb8 14. Nb5 a6 15.
Nd4 Nc5 16. Qc2 Qd7 17. Rfd1 Ne6 18. Nc6 Rbe8 19. Nb4 Qc8 20. Bc6 Re7 21. Nd5
Nxd5 22. cxd5 Nc5 23. Rac1 a5 24. a3 h5 25. Bb5 f5 26. b4 axb4 27. axb4 Ne4 28.
Rd3 Qd8 29. Qd1 h4 30. Rc2 Kh7 31. Ra3 Ref7 32. Qc1 Nf6 33. Bc6 Qe7 34. Ra7 Rb8
35. Qd1 Qe4 36. Qd2 Re7 37. Ra3 Rf7 38. Ra7 Re7 39. Rc1 Bh6 40. Ra3 Nh5 41. f3
Qxf4 42. Bxf4 Bxf4 43. Qd1 Rf8 44. Rc2 Ng3 45. Rc4 Bg5 46. f4 Bf6 47. Kh2 Rff7
48. Bb5 Rg7 49. Rf3 Rg8 50. Qc1 Rgg7 51. Qd1 Rg8 52. Qc2 Rgg7 53. Rxg3 hxg3+ 54.
Kxg3 1-0

[Event "48th Biel Master Open"]
[Site "Biel SUI"]
[Date "2015.07.31"]
[Round "11.7"]
[White "Bogner, Sebastian"]
[Black "Erdos, Viktor"]
[Result "1/2-1/2"]
[WhiteTitle "GM"]
[BlackTitle "GM"]
[WhiteElo "2544"]
[BlackElo "2610"]
[WhiteFideId "4692055"]
[BlackFideId "719978"]
[EventDate "2015.07.20"]

1. d4 Nf6 2. c4 g6 3. g3 d5 4. cxd5 c6 5. d6 exd6 6. Nc3 d5 7. Bg2 Bg7 8. Bg5 h6
9. Bxf6 Qxf6 10. e3 Nd7 11. Nge2 Nb6 12. Nf4 O-O 13. O-O Qe7 1/2-1/2

[Event "48th Biel Master Open"]
[Site "Biel SUI"]
[Date "2015.07.31"]
[Round "11.8"]
[White "Dragun, Kamil"]
[Black "Donchenko, Alexander"]
[Result "1/2-1/2"]
[WhiteTitle "GM"]
[BlackTitle "GM"]
[WhiteElo "2586"]
[BlackElo "2567"]
[WhiteFideId "1134167"]
[BlackFideId "24603295"]
[EventDate "2015.07.20"]

1. d4 Nf6 2. c4 e6 3. Nf3 c5 4. d5 d6 5. Nc3 exd5 6. cxd5 g6 7. e4 Bg7 8. Nd2
O-O 9. Be2 Re8 10. O-O Nbd7 11. a4 Ne5 12. Qc2 a6 13. Ra3 g5 14. Re1 g4 15. Nf1
Bd7 16. Ng3 Ng6 17. Bd2 Re5 18. Nd1 b5 19. axb5 axb5 20. Rxa8 Qxa8 21. Ne3 Re8
22. b4 Qc8 23. Rc1 h5 24. bxc5 dxc5 25. Bc3 Nf4 26. Bf1 Bh8 27. d6 h4 28. Bxf6
Bxf6 29. Ngf5 Bxf5 30. Nxf5 c4 31. Qd1 Rxe4 32. d7 Qc7 33. Qxg4+ Kf8 34. Qf3 Qe5
35. Nd6 Rd4 36. Qa8+ Kg7 37. Ne8+ Kh7 38. Nxf6+ Qxf6 39. Qa1 Qd6 40. Qb1+ Nd3
41. Qxb5 Nxc1 42. Qh5+ Kg7 43. Qg5+ Kf8 44. Qd8+ Kg7 45. Qg5+ Kf8 1/2-1/2

[Event "48th Biel Master Open"]
[Site "Biel SUI"]
[Date "2015.07.31"]
[Round "11.9"]
[White "Nezad, Husein Aziz"]
[Black "Fier, Alexandr"]
[Result "0-1"]
[WhiteTitle "IM"]
[BlackTitle "GM"]
[WhiteElo "2405"]
[BlackElo "2628"]
[WhiteFideId "12100293"]
[BlackFideId "2107139"]
[EventDate "2015.07.20"]

1. d4 Nf6 2. c4 e6 3. Nf3 c5 4. d5 exd5 5. cxd5 d6 6. Nc3 g6 7. Bf4 Bg7 8. Qa4+
Bd7 9. Qb3 Qc7 10. e4 O-O 11. Nd2 Nh5 12. Be3 f5 13. exf5 Bxf5 14. Be2 Nf6 15.
O-O a6 16. h3 b5 17. g4 Bc8 18. a4 bxa4 19. Rxa4 Nbd7 20. Qa2 Nb6 21. Ra3 Bb7
22. Bxa6 Rxa6 23. Rxa6 Bxa6 24. Qxa6 Nfxd5 25. Nxd5 Nxd5 26. Nc4 Nxe3 27. fxe3
Rd8 28. Rf3 d5 29. Qe6+ Kh8 30. Nb6 d4 31. e4 d3 32. Rxd3 Bd4+ 33. Kg2 Qf4 34.
Rxd4 Rxd4 35. Qe8+ Kg7 36. Qe7+ Qf7 37. Qe5+ Qf6 0-1

[Event "48th Biel Master Open"]
[Site "Biel SUI"]
[Date "2015.07.31"]
[Round "11.10"]
[White "Rambaldi, Francesco"]
[Black "Esen, Baris"]
[Result "1/2-1/2"]
[WhiteTitle "IM"]
[BlackTitle "GM"]
[WhiteElo "2513"]
[BlackElo "2567"]
[WhiteFideId "20657307"]
[BlackFideId "6302114"]
[EventDate "2015.07.20"]

1. c4 e5 2. g3 Nc6 3. Bg2 g6 4. Nc3 Bg7 5. Rb1 a5 6. a3 Nf6 7. b4 axb4 8. axb4
O-O 9. d3 d6 10. Nf3 h6 11. Nd2 Nh7 12. b5 Nd4 13. O-O f5 14. e3 Ne6 15. Bb2 g5
16. Nd5 f4 17. Ra1 Rb8 18. Ra3 Nf6 19. Re1 h5 20. Ne4 Nxe4 21. Bxe4 fxg3 22.
fxg3 g4 23. Bg2 Ng5 24. Rf1 Rxf1+ 25. Qxf1 c6 26. Nc3 Qb6 27. Bc1 Be6 28. Ra2
Rd8 29. bxc6 bxc6 30. Rb2 Qc7 31. Rf2 Nh7 32. Be4 Ng5 33. Bg2 Nh7 34. Be4 d5 35.
Bf5 Qd7 36. Bxe6+ Qxe6 37. cxd5 cxd5 38. e4 dxe4 39. dxe4 Rf8 40. Nd5 Rxf2 41.
Qxf2 Nf6 1/2-1/2

[Event "48th Biel Master Open"]
[Site "Biel SUI"]
[Date "2015.07.31"]
[Round "11.11"]
[White "Yilmaz, Mustafa"]
[Black "Wallace, John Paul"]
[Result "1-0"]
[WhiteTitle "GM"]
[BlackTitle "IM"]
[WhiteElo "2582"]
[BlackElo "2385"]
[WhiteFideId "6302718"]
[BlackFideId "3200957"]
[EventDate "2015.07.20"]

1. d4 Nf6 2. c4 g6 3. Nc3 Bg7 4. e4 d6 5. Nf3 O-O 6. Be2 Na6 7. O-O e5 8. Be3 c6
9. Re1 exd4 10. Nxd4 Re8 11. f3 Nd7 12. Qd2 Ne5 13. Rad1 Qe7 14. h3 Nc7 15. f4
Nd7 16. Bf3 Nb6 17. b3 Bd7 18. Nde2 d5 19. cxd5 Nbxd5 20. Nxd5 cxd5 21. e5 Bf5
22. Nc3 Red8 23. Qf2 Be6 24. Bc5 Qe8 25. Bxa7 Nb5 26. Nxb5 Qxb5 27. Bd4 Bf8 28.
g4 Rac8 29. Be2 Qb4 30. f5 Bd7 31. e6 fxe6 32. fxe6 Bxe6 33. Qf6 1-0

[Event "48th Biel Master Open"]
[Site "Biel SUI"]
[Date "2015.07.31"]
[Round "11.12"]
[White "Lampert, Jonas"]
[Black "Brkic, Ante"]
[Result "1-0"]
[WhiteTitle "IM"]
[BlackTitle "GM"]
[WhiteElo "2448"]
[BlackElo "2607"]
[WhiteFideId "1303759"]
[BlackFideId "14506688"]
[EventDate "2015.07.20"]

1. d4 d5 2. c4 e6 3. Nf3 Nf6 4. g3 Bb4+ 5. Bd2 Bd6 6. Nc3 c6 7. Qc2 Nbd7 8. e4
dxe4 9. Nxe4 Nxe4 10. Qxe4 c5 11. O-O-O Nf6 12. Qd3 cxd4 13. Qxd4 Qb6 14. Be3
Qxd4 15. Bxd4 Ke7 16. Bg2 Rd8 17. Rhe1 Ne8 18. Ng5 f6 19. Ne4 e5 20. Nxd6 Nxd6
21. Bc5 Bg4 22. Rxd6 Rxd6 23. Bxb7 Rb8 24. Bd5 Kd7 25. Bxd6 Kxd6 26. Re3 a6 27.
Ra3 Bc8 28. Kc2 f5 29. Rb3 Rxb3 30. Kxb3 g5 31. Kc3 a5 32. b3 h5 33. h4 1-0